000 00313nam a22001337a 4500
008 180208b xxu||||| |||| 00| 0 eng d
020 _a9780781738088
041 _aeng
080 _24th
_a610.73
100 _a2
101 _aINF
245 _aNursing for wellness in older alduts
_cMiller,C.A
942 _2udc
_cBK
999 _c42148
_d42148